World of the polar bear
| Main Author: | |
|---|---|
| Format: | Book |
| Published: |
USA :
NorthWord ,
1989
|
MARC
| LEADER | 00000cam a2200000 7i4500 | ||
|---|---|---|---|
| 001 | 0000086345 | ||
| 005 | 20210201.0 | ||
| 008 | 210201 | ||
| 020 | |a 1559710365 | ||
| 020 | |a 9781559710367 | ||
| 090 | 0 | 0 | |a 599.74446 |b BRU |
| 100 | 1 | |a Bruemmer, Fred | |
| 245 | 1 | 0 | |a World of the polar bear |c Fred Bruemmer |
| 260 | |a USA : |b NorthWord , |c 1989 | ||
| 300 | |a 160pg. : |b Col.ill | ||
| 500 | |a Reference | ||
| 999 | |a 0000794784 |b Book |c REFERENCE |e Cawangan Segamat | ||